000
00308cam a2200121ua 4500
082
_a
810
_b
CUM/AM
100
_a
Cunliffe, Marcus .
_9
1731
245
_a
American Sahityam
260
_a
:
_b
Sahithya Pravarthaka Co- Operative SocietyLtd ,
_c
1966.
300
_a
383 ; .
650
_a
Literature
_9
1732
942
_c
BK
999
_c
623
_d
623